Logo BPK

Biblioteka

Politechniki Koszalińskiej

Słownik japońsko-polski : (Rekord nr 52843)

Szczegóły MARC
000 -ETYKIETA REKORDU
podpole kontrolne o stałej długości 00652nam a2200205 i 4500
001 - NUMER KONTROLNY REKORDU
pole kontrolne bg
020 ## - MIĘDZYNARODOWY ZNORMALIZOWANY NUMER KSIĄŻKI - ISBN
ISBN 9788389899637
040 ## - ŹRÓDŁO KATALOGOWANIA
Instytucja, która utworzyła rekord BPK
041 0# - KOD JĘZYKA
Kod języka tekstu pol
-- jap
080 ## - UNIWERSALNA KLASYFIKACJA DZIESIĘTNA - UKD
UKD 811.521::811.162.1]'374
920 ## - Międzynarodowy znormalizowany numer książki – ISBN
ISBN 978-83-89899-63-7
008 - POLE O STAŁEJ DŁUGOŚCI - DANE KONTROLNE
podpole kontrolne o stałej długości s pl f |000 0 pol
100 1# - NAZWA OSOBOWA
Nazwa osobowa Ivanov, Bratislav.
245 10 - TYTUŁ/ODPOWIEDZIALNOŚĆ
Tytuł Słownik japońsko-polski :
Ciąg dalszy tytułu 1006 znaków /
Pozostałe elementy strefy tytułu i oznaczenia odpowiedzialności Bratisław Iwanow.
260 ## - STREFA ADRESU WYDAWNICZEGO
Miejsce wydania Warszawa :
Nazwa wydawcy/dystrybutora Wydawnictwo Akademickie Dialog,
Data publikacji, dystrybucji/powstania dokumentu 2007.
300 ## - STREFA OPISU FIZYCZNEGO
Objętość 182 s. ;
Rozmiary 17 cm.
650 #9 - HASŁO PRZEDMIOTOWE W FORMIE NAZWY OGÓLNEJ LUB JEDNOSTKOWEJ
Nazwa ogólna lub geograficzna Słowniki japońsko-polskie
942 ## - DODATKOWE ELEMENTY (KOHA)
Typ dokumentu Książka
Egzemplarze
Wycofany Status egzemplarza Uszkodzony Dostępność Lokalizacja stała Lokalizacja bieżąca Miejsce przechowywania Sygnatura Kod kreskowy Dział Typ dokumentu
      Tylko na miejscu Biblioteka Politechniki Koszalińskiej Biblioteka Politechniki Koszalińskiej Czytelnia BG 81801 02341743 0/9(03) Encyklopedie. Leksykony Książka
      Dostępny Biblioteka Politechniki Koszalińskiej Biblioteka Politechniki Koszalińskiej Wypożyczalnia BG 81802 02341736   Książka
      Dostępny Biblioteka Politechniki Koszalińskiej Biblioteka Politechniki Koszalińskiej Wypożyczalnia BG 81803 02341729   Książka
© 2023 Biblioteka Politechniki Koszalińskiej :: KOHA